| 000 -LEADER |
| fixed length control field |
01638cam a22002537i 4500 |
| 001 - CONTROL NUMBER |
| control field |
20610329 |
| 005 - DATE AND TIME OF LATEST TRANSACTION |
| control field |
20221108161758.0 |
| 008 - FIXED-LENGTH DATA ELEMENTS--GENERAL INFORMATION |
| fixed length control field |
180802s2018 enkab b 001 0 eng d |
| 010 ## - LIBRARY OF CONGRESS CONTROL NUMBER |
| LC control number |
2017277992 |
| 020 ## - INTERNATIONAL STANDARD BOOK NUMBER |
| International Standard Book Number |
9780128050590 X |
| Qualifying information |
paperback |
| 080 ## - UNIVERSAL DECIMAL CLASSIFICATION NUMBER |
| Universal Decimal Classification number |
005.7 R-31 |
| 100 1# - MAIN ENTRY--PERSONAL NAME |
| Personal name |
Andersen, Jan, |
| Relator term |
author. |
| 9 (RLIN) |
14304 |
| 245 10 - TITLE STATEMENT |
| Title |
Research management : |
| Remainder of title |
Europe and beyond / |
| Statement of responsibility, etc. |
Jan Andersen (Team Coordinator, Senior Executive Officer, Technical University of Denmark), Kristel Toom (Research Coordinator, School of Humanities, Tallinn University, Estonia), Susi Poli (Doctoral Candidate, University College London, Institute of Education London, Department of Education), Practice and Society, United Kingdom, New Higher Education and Research Professional -- Research and Third Mission Division, Italy), Pamela F. Miller (Interim executive director, Sponsored Projects Office, University of California at Berkeley, United States). |
| 264 #1 - PRODUCTION, PUBLICATION, DISTRIBUTION, MANUFACTURE, AND COPYRIGHT NOTICE |
| Place of production, publication, distribution, manufacture |
London, UK : |
| Name of producer, publisher, distributor, manufacturer |
Academic Press, an imprint of Elsevier, |
| Date of production, publication, distribution, manufacture, or copyright notice |
[2018] |
| 300 ## - PHYSICAL DESCRIPTION |
| Extent |
xvii, 360 pages : |
| Other physical details |
illustrations ; |
| Dimensions |
23 cm |
| 338 ## - CARRIER TYPE |
| Carrier type term |
volume |
| Carrier type code |
nc |
| Source |
rdacarrier |
| 651 #7 - SUBJECT ADDED ENTRY--GEOGRAPHIC NAME |
| Geographic name |
Europe. |
| Source of heading or term |
fast |
| Authority record control number or standard number |
(OCoLC)fst01245064 |
| 9 (RLIN) |
14309 |
| 653 ## - INDEX TERM--UNCONTROLLED |
| keyword |
კვლევის მენეჯმენტიევროპასა და მის ფარგლებს გარეთ |
| 700 1# - ADDED ENTRY--PERSONAL NAME |
| Personal name |
Toom, Kristel, |
| Relator term |
author. |
| 9 (RLIN) |
14310 |
| 700 1# - ADDED ENTRY--PERSONAL NAME |
| Personal name |
Poli, Susi, |
| Relator term |
author. |
| 9 (RLIN) |
14311 |
| 700 1# - ADDED ENTRY--PERSONAL NAME |
| Personal name |
Miller, Pamela F., |
| Relator term |
author. |
| 9 (RLIN) |
14312 |
| 776 08 - ADDITIONAL PHYSICAL FORM ENTRY |
| Relationship information |
Electronic version: |
| Main entry heading |
Andersen, Jan. |
| Title |
Research management. |
| Place, publisher, and date of publication |
London, UK : Academic Press, an imprint of Elsevier, [2018] |
| International Standard Book Number |
9780128052082 |
| Record control number |
(OCoLC)1010494423 |
| 942 ## - ADDED ENTRY ELEMENTS (KOHA) |
| Source of classification or shelving scheme |
|
| Koha item type |
წიგნი |